| 000 | 02590nam0a2200433 4500 | ||
|---|---|---|---|
| 001 | RU\NLR\bibl\198955 | ||
| 005 | 20260407072946.0 | ||
| 010 |
_a5-269-00989-7 _92000 |
||
| 021 |
_aRU _b2001-446и _936и |
||
| 035 | _a(NLR Aleph) 001341505 | ||
| 090 |
_a863749 _c863749 |
||
| 100 | _a20011101d2001 u y0rusy50 ca | ||
| 101 | 0 | _arus | |
| 102 | _aRU | ||
| 105 | _aa ||||||||| | ||
| 200 | 1 |
_aНидерландский, фламандский и голландский рисунок XVI-XVIII веков _dNetherlandish, flemish and dutch drawings of the XVI-XVIII centuries _aБельгийский и голландский рисунок XIX-XX веков _dBelgian and dutch drawings of the XIX-XX centuries _e[Кат.] _fВадим Садков _gГос. музей изобраз. искусств им. А.С. Пушкина _zeng |
|
| 210 |
_aМосква _cГаларт _d2001 |
||
| 215 |
_a422, [1] с. _cил. _d27 |
||
| 300 | _aАвт. также на англ. яз.: Vadim Sadkov | ||
| 300 | _aНа обл. авт. не указан | ||
| 320 | _aБиблиогр. в примеч.: с. 17 и в тексте | ||
| 510 | 0 |
_6z22790 _aNetherlandish, flemish and dutgh drawings of the XVI-XVIII centuries _zeng |
|
| 601 | 0 | 2 |
_aГосударственный музей изобразительных искусств им. А.С. Пушкина _cМосква, город _jКаталоги _xКоллекция рисунка _92611210 _3RU\NLR\AUTH\661547768 |
| 606 | 0 |
_aРисунок нидерландский _xМузей изобразительных искусств. Москва _92224026 _3RU\NLR\auth\661335254 |
|
| 606 | 0 |
_aРисунок бельгийский _xМузей изобразительных искусств. Москва _92224025 _3RU\NLR\auth\661335253 |
|
| 606 | 1 |
_aРисунок бельгийский _jКаталоги _9902013 _3RU\NLR\auth\66328090 |
|
| 606 | 1 |
_aРисунок нидерландский _jКаталоги _9907026 _3RU\NLR\auth\66330566 |
|
| 686 | _aЩ153(4Н)-44л61 | ||
| 686 | _aЩ153(4Б)-44л61 | ||
| 700 | 1 |
_aСадков _bВ. А. _gВадим Анатольевич _4070 |
|
| 711 | 0 | 2 |
_aГосударственный музей изобразительных искусств им. А. С. Пушкина _cМосква _9277150 _3RU\NLR\AUTH\883002 |
| 790 | 1 |
_6z22510 _aSadkov _bV. A. _gVadim Anatol'tvič |
|
| 801 | 0 |
_aRU _bNLR _c20011101 _gPSBO |
|
| 801 | 1 |
_aRU _bNLR _c20011101 |
|
| 852 |
_aNLR _bЭ _jКИс134/М821 |
||
| 942 | _cBOOK | ||
| 980 | _aNB | ||